000 00812nam a2200229 a 4500
001 000006099
005 20260205113239.0
008 090826s1983 dr c r 000 0 spa d
040 _aDO-SdBNP
_bspa
_cBNPHU
082 _a364
_bD725in
100 1 _aDotel Matos, Héctor
_91202
245 1 0 _aIntroducción al estudio de la criminología /
_cHéctor Dotel Matos.
260 _aSanto Domingo :
_bPublicaciones Época,
_c1983.
300 _a167 p. :
_bil., retrs. ;
_c20 cm.
500 _aIncluye índice de materias
500 _aIncluye referencias bibliográficas y notas al pie de las páginas
504 _aBibliografía: p. 157-161
590 _aInventariado, 2018/BT
650 0 _aCriminología
_917089
700 1 2 _aCabral Ortega, Héctor A.,
_epról.
_917166
910 _aValidado. Control de calidad. MFF
999 _c5895
_d5895